Responses for Show #2750 - Friday, July 12, 1996

Contestants

[<< previous game]

Peter Bliss, a reference librarian from Riverside, California

Kirstin Olsen, a freelance writer from Santa Clara, California

Stephen Lewis, a hotel owner from Calico Rock, Arkansas (whose 2-day cash winnings total $29,300)

[next game >>]

Jeopardy! Round responses

ALPHABETICALLY FIRST
JAPAN
ACTORS & THEIR ROLES
EXPLORERS
FASHION
CELEBRITY RHYME TIME
    $100 22
(Kirstin: Who is Lou Abbott?)
...
(Alex: Yes, [*] and Lou Costello.)

Bud Abbott

KirstinPeter
    $100 1
tattooing

Kirstin
    $100 6
Merv Griffin

Stephen
    $100 11
Christopher Columbus

Peter
    $100 17
shorts

Peter
    $100 16
Tony's ponies

Kirstin
    $200 23
Apollo

Stephen
    $200 2
a ninja

Stephen
    $200 7
Bill Hickok

Kirstin
    $200 12
France

Kirstin
    $200 27
a kilt

Kirstin
    $200 18
Hal's pals

Stephen
    $300 24
do

Stephen
    $300 3
the shoguns

Stephen
    $300 8
The Graduate

Stephen
    $300 13
the Columbia

Stephen
    $300 28
scarves

Kirstin
    $300 19
Reese's pieces

Stephen
    $1,500 25
Warren Burger

Stephen
    $400 4
geisha

Kirstin
    $400 9
Family Affair

Stephen
    $400 14
Cortes

Kirstin
    $400 29
a Mandarin

Kirstin
    $400 20
Meryl's perils

Stephen
    $500 26
(Kirstin: What is Barcelona?)
(Stephen: What is Berlin?)

Amsterdam

StephenKirstin
Triple Stumper
    $500 5
sushi

Peter
    $500 10
Eugene O'Neill

Kirstin
    $500 15
Amundsen

Stephen
    $500 30
gauntlets

Kirstin
    $500 21
Kris's kisses

Stephen

Scores at the first commercial break (after clue 13):

Stephen Kirstin Peter
$1,600 $1,400 $600

Scores at the end of the Jeopardy! Round:

Stephen Kirstin Peter
$5,000 $2,700 $800

Double Jeopardy! Round responses

MONSTERS
FAMOUS NAMES
LABOR
STATE CAPITALS
1885
20th CENTURY ARTISTS
    $200 7
Jekyll

Kirstin
    $200 19
Desmond Tutu

Stephen
    $200 25
the United Auto Workers

Stephen
    $200 2
Trenton

Kirstin
    $200 12
The Mikado

Stephen
    $200 1
Grant Wood

Kirstin
    $400 8
a dragon

Stephen
    $400 20
Stradivarius

Kirstin
    $400 26
the American Federation of Teachers

Kirstin
    $400 3
Boise

Stephen
    $400 13
Taipei

Kirstin
    $400 17
(Stephen: Who is Wyeth?)
(Alex: Be more specific.)
(Stephen: N.C. Wyeth.)

Andrew Wyeth

StephenPeter
    $600 9
"Beowulf"

Peter
    $600 21
(Alex: A minute to go.)

Edwin Booth

Peter
    $600 27
Municipal

Kirstin
    $600 4
Baton Rouge

Peter
    $600 14
Louis Pasteur

Triple Stumper
    $600 18
Andy Warhol

Stephen
    $1,000 10
the Sphinx

Peter
    $800 23
Mary Baker Eddy

Peter
    $800 5
(Alex: Nevada, right.)

Carson City

Stephen
    $800 15
the Rijksmuseum

Peter
    $800 28
[The end-of-round signal sounds.]

Rutgers

Kirstin
    $1000 11
(Stephen: Who is Shiva?)

Vishnu

StephenKirstin
    $1000 22
Will & Ariel Durant

Kirstin
    $1000 24
George Meany

Stephen
    $1,800 6
(Alex: Governor of Wyoming.)

Cheyenne

Stephen
    $1000 16
(Peter: Who is Longfellow?)

Oliver Wendell Holmes

Peter
Triple Stumper

Scores at the end of the Double Jeopardy! Round:

Stephen Kirstin Peter
$9,200 $7,900 $4,600

[wagering suggestions for these scores]

Final Jeopardy! Round responses

MYSTERY WRITERS
PeterWho is Dick Francis?
$4,599
KirstinWho wais Agatha Christie? Francis?
$1,301
StephenWho is Margaret Truman?
$6,800
Dick Francis

Final scores:

Stephen Kirstin Peter
$2,400 $9,201 $9,199
3rd place: Aiwa digital mini system + John Williams CD Summon Heroes New champion: $9,201 2nd place: trip to Jamaica & stay at Swept Away Resort + John Williams CD Summon Heroes

Game dynamics:

Coryat scores:

Stephen Kirstin Peter
$7,300 $7,900 $4,400
23 R
(including 2 DDs),
3 W
21 R,
2 W
11 R
(including 1 DD),
1 W

Combined Coryat: $19,600

[game clues] [game scores] [suggest correction]

Game tape date: Unknown
The J! Archive is created by fans, for fans. Scraping, republication, monetization, and malicious use prohibited; this site may use cookies and collect identifying information. See terms. The Jeopardy! game show and all elements thereof, including but not limited to copyright and trademark thereto, are the property of Jeopardy Productions, Inc. and are protected under law. This website is not affiliated with, sponsored by, or operated by Jeopardy Productions, Inc. Join the discussion at JBoard.tv.